1724 1390 1642 1637 1797 1317 1571 1102 1053 1493 1386 1172 1439 1416 1057 1687 1903 1976 1898 1508 1878 1582 1947 1881 1469 1130 1851 1937 1623 1188 1380 1462 1953 1826 1050 1544 1158 1376 1810 1105 1631 1133 1538 1771 1423 1842 1835 1085 1740 1637 1245 1718 1307 1509 1351 1395 1850 1462 1599 1549 1193 1825 1693 1815 1822 1223 1633 1472 1034 1057 1595 1367 1981 1833 1062 1601 1771 1283 1336 1898 1549 1225 1061 1123 1678 1482 1633 1717 1678 1192 1931 1997 1218 1166 1377 1712 1183 1109 1635 BCNSPRNW ULIB Ver.6.0+V

เปลี่ยนเป็นภาษาไทย

Change to English
 แสดงรายละเอียดบรรณานุกรม
  กลับหน้าหลัก

Brief Record : Get Marc (ISO 2709) : E-mail record : QR code < ปิดหน้าต่าง
LEADER : 00000nam 2200000uu 4500
001    13399121773
003     ULIB
008    121206s2549||||th 000 0 tha d
020    ^a9741105649
020    ^a9789741105649
060 04 ^aWQ150^bช486ค
245 00 ^aครอบครัวสุขภาพ :^bครอบครัวสุขใจ ต้อนรับสมาชิกใหม่ /^cบรรณาธิการชาญชัย วันทนาศิริ, ดิฐกานต์ บริบูรณ์หิรัญสาร,พฤหัส จันทร์ประภาพ
246 38 ^aเรื่องที่ครอบครัวควรรู้
250    ^aพิมพ์ครั้งที่ 1
260    ^a[กรุงเทพฯ] :^bภาควิชาสูติศาสตร์-นรีเวชวิทยาคณะแพทยศาสตร์ศิริราชพยาบาล มหาวิทยาลัยมหิดล,^c2549
300    ^a143 หน้า :^bภาพประกอบ
650  7 ^aครอบครัว
650  7 ^aสตรีมีครรภ์
650  7 ^aทารก^xการดูแล
700 0  ^aชาญชัย วันทนาศิริ,^eบรรณาธิการ
710 2  ^aมหาวิทยาลัยมหิดล.^bคณะแพทยศาสตร์ศิริราชพยาบาล. ^bภาควิชาสูติศาสตร์-นรีเวชวิทยา
945    ^p135^l0^i14929
995    ^aทศพร
999    ^aทศพร เกษรทอง
รายการนี้ยังไม่มีแท็ก
คุณยังไม่ได้ล็อกอิน คุณสามารถมีกิจกรรมร่วมกับเว็บไซต์ได้ แต่ต้องล็อกอินก่อน ::
  ล็อกอิน

รายการสื่อสารสนเทศ

ลำดับที่ ประเภท เลขเรียก/บาร์โค้ด สถานที่ สถานะ
1. วิทยาศาสตร์การแพทย์ และสุขภาพ
วิทยาศาสตร์การแพทย์ และสุขภาพ
WQ150 ช486ค ฉ.1 
  Barcode: 14929
ห้องสมุดวิทยาเขตสวรรค์ประชารักษ์
►หนังสือทั่วไป
บนชั้น

รายการใกล้เคียง
    หัวเรื่อง [ครอบครัว]
    หัวเรื่อง [สตรีมีครรภ์]
    หัวเรื่อง [ทารก การดูแล]

BibComment


ยังไม่เคยถูกคอมเมนท์

คอมเมนท์ทรัพยากรรายการนี้
  คอมเมนท์: ครอบครัวสุขภาพ ..


 Copyright 2026. Bcnsprnw @Library